000 00473nam a2200169 i 4500
001 80113
003 ES-MaACL
005 20230906174131.0
007 t|
008 041026s1974 sp ||||1| spa d
100 1 _aHibbert, Christopher.
_963542
245 1 0 _aMussolini /
_cChristopher Hibbert ; [traductor: Diorki].
260 _a[Madrid :
_bSan Martín,
_c1974]
300 _a157 p. :
_bil. ;
_c21 cm.
710 2 _aDiorki.
_93392
852 _aES-MaACL
_jE-6651
_bR.91186
999 _c80113
_d80113